000 00502nam a2200181Ia 4500
005 20250326130744.0
008 250326s9999 xx 000 0 und d
037 _aAnnuals, Advances
040 _aFMSL
_beng
_cFMSL
041 _aeng
_2eng
084 _aX:512 P8;2
_qFMSL
100 _aRampersad H K
245 0 _aAuthentic personel branding
_cRampersad H K
260 _aDelhi
_bDelhi, Sara Books
300 _a225p
942 _cTB
_hX:512 P8;2
999 _c1283950
_d1283950